Ciencia, tecnología y desarrollo: interrelaciones teóricas y metodológicas

Salvato in:
Dettagli Bibliografici
Natura: Libro
Lingua:spagnolo
Pubblicazione: Caracas Nueva Sociedad 1994
Soggetti:
Tags: Aggiungi Tag
Nessun Tag, puoi essere il primo ad aggiungerne!!

MARC

LEADER 00000nam a2200000 a 4500
001 UCY7433
003 CL-VaPUC
008 950614e19940000VE |||||||||||||||||spa|d
082 0 4 |a 303.483  |b CIE  |2 21 
245 1 0 |a Ciencia, tecnología y desarrollo: interrelaciones teóricas y metodológicas 
300 |a 522 p 
942 |c BK 
945 |d 19950614 00:00:00  |a rbrito 
260 |a Caracas  |b Nueva Sociedad  |c 1994 
650 0 |a Ciencia y tecnología  |9 260585 
650 0 |a Economía   |9 255568 
650 7 |a PLANIFICACION  |2 CL-VaPUC  |9 260802 
650 0 |a Sociología   |9 255410 
650 0 |a Proyectos  |9 337967 
583 |a last modification  |c 19950614 00:00:00  |k Rodrigo Vera 
999 |c 234827  |d 234825 
952 |0 0  |1 0  |4 0  |6 303_483000000000000_CIE_1994  |7 0  |8 A  |9 241558  |a BIBGIM  |b BIBGIM  |d 2019-11-18  |i 3090515  |o 303.483 CIE 1994  |p 3090515  |r 2025-01-15  |w 2019-11-18  |y BK  |k SSL 
952 |0 0  |1 0  |4 0  |6 303_483000000000000_CIE_1994  |7 0  |8 A  |9 241559  |a BIBGIM  |b BIBGIM  |d 2019-11-18  |i 3090523  |o 303.483 CIE 1994  |p 3090523  |r 2025-01-15  |w 2019-11-18  |y BK  |k SSL 
952 |0 0  |1 0  |4 0  |6 303_483000000000000_CIE_1994  |7 0  |8 A  |9 241560  |a BIBGIM  |b BIBGIM  |d 2019-11-18  |i 3090531  |o 303.483 CIE 1994  |p 3090531  |r 2025-01-15  |w 2019-11-18  |y BK  |k SSL